| 000 | 00513nam a22001817a 4500 | ||
|---|---|---|---|
| 008 | 171030b xxu||||| |||| 00| | tur d | ||
| 020 | _a9754370737 | ||
| 041 | _atur | ||
| 050 | _aPL210.F46 | ||
| 100 |
_aAyvazoğlu, Beşir _9659 |
||
| 245 | _aGüller Kitabı Türk Çiçek Kültürü Üzerine Bir Deneme | ||
| 250 | _a5. Baskı | ||
| 260 |
_aİstanbul _bÖtüken Neşriyat _c2001 |
||
| 300 | _a272 Sayfa | ||
| 500 | _aYayın Nu: 240; Edebi Eserler: 61 | ||
| 650 | 0 |
_9145 _aTürk Edebiyatı |
|
| 942 |
_2lcc _cBK |
||
| 999 |
_c1812 _d1787 |
||